|
|
|
|
| LEADER |
01891nam a2200421 i 4500 |
| 001 |
EBC4773795 |
| 003 |
MiAaPQ |
| 005 |
20200917021826.0 |
| 006 |
m o d | |
| 007 |
cr cnu|||||||| |
| 008 |
170112t20162016ja a ob 001 0 eng d |
| 020 |
|
|
|z 9784431552239
|
| 020 |
|
|
|a 9784431552246 (e-book)
|
| 035 |
|
|
|a (MiAaPQ)EBC4773795
|
| 035 |
|
|
|a (Au-PeEL)EBL4773795
|
| 035 |
|
|
|a (CaPaEBR)ebr11320885
|
| 035 |
|
|
|a (CaONFJC)MIL984428
|
| 035 |
|
|
|a (OCoLC)967541615
|
| 040 |
|
|
|a MiAaPQ
|b eng
|e rda
|e pn
|c MiAaPQ
|d MiAaPQ
|
| 050 |
|
4 |
|a HC79.P83
|b .K646 2016
|
| 082 |
0 |
|
|a 332.67252
|2 23
|
| 100 |
1 |
|
|a Kohno, Hirotada,
|e author.
|
| 245 |
1 |
0 |
|a Economic effects of public investment :
|b an emphasis on marshallian and monetary external economies /
|c Hirotada Kohno.
|
| 264 |
|
1 |
|a Japan :
|b Springer,
|c 2016.
|
| 264 |
|
4 |
|c 2016
|
| 300 |
|
|
|a 1 online resource (314 pages) :
|b illustrations.
|
| 336 |
|
|
|a text
|2 rdacontent
|
| 337 |
|
|
|a computer
|2 rdamedia
|
| 338 |
|
|
|a online resource
|2 rdacarrier
|
| 490 |
0 |
|
|a New Frontiers in Regional Science: Asian Perspectives,
|x 2199-5982 ;
|v Volume 1
|
| 504 |
|
|
|a Includes bibliographical references at the end of each chapters and index.
|
| 588 |
|
|
|a Description based on print version record.
|
| 590 |
|
|
|a Electronic reproduction. Ann Arbor, MI : ProQuest, 2016. Available via World Wide Web. Access may be limited to ProQuest affiliated libraries.
|
| 650 |
|
0 |
|a Public investments.
|
| 655 |
|
4 |
|a Electronic books.
|
| 776 |
0 |
8 |
|i Print version:
|a Kohno, Hirotada.
|t Economic effects of public investment : an emphasis on marshallian and monetary external economies.
|d Japan : Springer, c2016
|h xxiii, 297 pages
|k New Frontiers in Regional Science: Asian Perspectives ; Volume 1
|z 9784431552239
|w 2016934049
|
| 797 |
2 |
|
|a ProQuest (Firm)
|
| 856 |
4 |
0 |
|u https://ebookcentral.proquest.com/lib/matrademy/detail.action?docID=4773795
|z Click to View
|